Functions of complex variable with applications
Bewaard in:
| Hoofdauteur: | |
|---|---|
| Formaat: | Boek |
| Taal: | Engels |
| Gepubliceerd in: |
Edimburgo
Oliver and Boyd
1957
|
| Editie: | 8a. ed |
| Onderwerpen: | |
| Tags: |
Voeg label toe
Geen labels, Wees de eerste die dit record labelt!
|
MARC
| LEADER | 00000cam a2200000 a 4500 | ||
|---|---|---|---|
| 001 | UCF2475 | ||
| 003 | CL-VaPUC | ||
| 008 | 120824e19570000UK |||||||||||||||||eng|d | ||
| 082 | 0 | 4 | |a 515.8 |b PHI |2 21 |
| 100 | 0 | |a Phillips, E. G |e author |9 564126 | |
| 245 | 1 | 0 | |a Functions of complex variable with applications |
| 250 | |a 8a. ed | ||
| 300 | |a 144 p | ||
| 942 | |c BK | ||
| 945 | |d 20120824 00:00:00 |a dcastane | ||
| 260 | |a Edimburgo |b Oliver and Boyd |c 1957 | ||
| 650 | 0 | |a Diferenciación |9 373490 | |
| 650 | 7 | |a ECUACIONES DIFERENCIALES LINEALES |2 CL-VaPUC |9 270390 | |
| 650 | 0 | |a Funciones analíticas |9 270036 | |
| 650 | 0 | |a Funciones de variables complejas |9 260212 | |
| 650 | 0 | |a Variables complejas |9 581247 | |
| 583 | |a last modification |c 20120824 12:41:00 |k Rodrigo Vera | ||
| 999 | |c 349036 |d 349034 | ||
| 952 | |0 0 |1 0 |4 0 |6 515_800000000000000_PHI_1957 |7 0 |8 A |9 451414 |a BIBMAT |b BIBMAT |d 2019-11-22 |i 4888650 |o 515.8 PHI 1957 |p 4888650 |r 2025-01-07 |w 2019-11-22 |y BK |k MAT | ||